000 00395nam a2200145 i 4500
001 bg
100 1 _aWażyńska-Fiok, Krystyna.
245 0 _aNiezawodność systemów technicznych /
_cK. Ważyńska-Fiok, J. Jaźwiński.
260 _aWarszawa,
_c1990.
700 1 _aJaźwiński, Jerzy
_d(1927- ).
040 _cBPK
041 _apol
942 _cKS
008 s pl f |000 0 pol
999 _c4185
_d4185
856 _uhttp://koha.tu.koszalin.pl/cgi-bin/koha/opac-detail.pl?biblionumber=4185
_yKatalog online BPK